000 02327nam a2200301 i 4500
003 EG-GICUC
005 20260425183817.0
008 260425s2005 ua |||fr|||| 00| 0 Ara d
040 _a EG-GICUC
_bara
_c EG-GICUC
_d EG-GICUC
_erda
041 0 _aAra
082 0 4 _221
_a343.3754
_bع ب . م
092 0 4 _221
099 _aLaw1 10 343.3754 ع ب . م 2005
100 0 _aعبدالحكم فودة
_eمؤلف.
245 1 2 _aالموسوعة العملية فى البطلان فى ضوء الفقه وقضاء النقض.
_nالمجلد الثالث،
_pبطلان القبض على المتهم،
_pمرحلة جمع الاستدلالات . الضبطية الإدارية والضبطية القضائية . حجية محاضر جمع الإستدلالات السلطة المختصة بجمع الإستدلالات حالات التلبس - سلطات مأمور القبض القضائي في حالات التلبس . القبض على المتهم في حالات التلبس . المقصود بالقبض - القبض والإستيقاف . القبض وعدم التحرك - القبض والتحفظ - القبض والاعتقال - القبض والمراقبة . تنفيذ أمر القبض . التصف في تنفيذ أمر القبض . ضمانات الأفراد عند القبض عليهم . شكل أمر القبض - القبض بموجب أمر القبض بدون أمر بطلان القبض . البطلان المطلق والبطلان النسبي - البطلان والإنعدام . جرائم القبض بدون وجه حق - مقاومة القبض . تعذيب المتهم لحمله على الإعتراف استعمال القسوة /
_cتأليف الدكتور عبدالحكم فودة.
264 1 _aالقاهرة :
_aالإسكندية :
_bالمكتب الفنى للموسوعات القانونية،
_c2005.
300 _a615 ؛صفحة
_c24 سم.
336 _2rda content
_atext
337 _2rda media
_aComputer
338 _2rda carrier
_aOnline Resource
546 _aالنص باللغة العربية
650 1 _aالإجراءات أمام محكمة النقض
_2qrmak
650 1 _aالقانون الجنائى
_2qrmak
651 1 _2qrmak
856 4 0 _uhttps://fll.law.cu.edu.eg/fulltext/bks/B10-10705.pdf
905 _a54
942 _2ddc
_cBK
_e21
_n0
999 _c73348
_d73348